Líder medzi výrobcami potravín Extra príloha
Rozhovor s výrobnotechnickým námestníkom a.s. Palma-Tumys Ing. Lohynským a riaditeľom divízie tuzemského predaja Ing. Okienkom. Akciová spoločnosť Palma-Tumys Bratislava na čelnom mieste v rebríčku najväčších slovenských potravinárskych podnikov. Charakteristika akciovej spoločnosti. Kvalita výrobko...
Gespeichert in:
| 1. Verfasser: | |
|---|---|
| Weitere Verfasser: | |
| Format: | Buchkapitel |
| Sprache: | Slowakisch |
| Schlagworte: | |
| Tags: |
Keine Tags, Fügen Sie das erste Tag hinzu!
|
MARC
| LEADER | 00000naa a2200000 4500 | ||
|---|---|---|---|
| 001 | r027657 | ||
| 005 | 20230606082204.8 | ||
| 041 | 0 | |a slo | |
| 044 | |a SK | ||
| 245 | 1 | 0 | |a Líder medzi výrobcami potravín |b Extra príloha |c I. Lohynský, J. Okienko |
| 520 | |a Rozhovor s výrobnotechnickým námestníkom a.s. Palma-Tumys Ing. Lohynským a riaditeľom divízie tuzemského predaja Ing. Okienkom. Akciová spoločnosť Palma-Tumys Bratislava na čelnom mieste v rebríčku najväčších slovenských potravinárskych podnikov. Charakteristika akciovej spoločnosti. Kvalita výrobkov. Výskum a vývoj. Exportné aktivity spoločnosti. Obchodné aktivity. | ||
| 610 | 2 | 0 | |a Palma-Tumys, a.s. Bratislava |
| 610 | 2 | 0 | |a potravinárstvo |
| 610 | 2 | 0 | |a sortiment výroby |
| 610 | 2 | 0 | |a kvalita výrobkov |
| 100 | 1 | |a Lohynský, I. | |
| 700 | 1 | |a Okienko, J. | |